书目信息 |
| 题名: |
高校德育引导与学生管理创新研究
|
|
| 作者: | 邢良 著 | |
| 分册: | ||
| 出版信息: | 北京 北京工业大学出版社 2022.06 |
|
| 页数: | 194页 | |
| 开本: | 24cm | |
| 丛书名: | ||
| 单 册: | ||
| 中图分类: | G641 , G645.5 | |
| 科图分类: | ||
| 主题词: | 高等学校--德育工作--研究--中国 , 高等学校--学生--学校管理--研究--中国 | |
| 电子资源: | ||
| ISBN: | 978-7-5639-7921-9 | |
| 000 | 01046nam0 2200253 450 | |
| 001 | 012001000500 | |
| 005 | 20141201145252.0 | |
| 010 | @a978-7-5639-7921-9@dCNY78.00 | |
| 100 | @a20220905d2021 em y0chiy0110 ea | |
| 101 | 0 | @achi |
| 102 | @aCN@b110000 | |
| 105 | @ay z 000yy | |
| 106 | @ar | |
| 200 | 1 | @a高校德育引导与学生管理创新研究@Agao xiao de yu yin dao yu xue sheng guan li chuang xin yan jiu@f邢良著 |
| 210 | @a北京@c北京工业大学出版社@d2022.06 | |
| 215 | @a194页@d24cm | |
| 330 | @a本书以“高校德育引导与学生管理创新研究”为选题,内容涉及高校德育引导与学生管理创新的概念界定、关系分析、理论基础、主要实践,高校德育引导在学生管理工作中的创新的必要,高校德育引导与学生管理创新存在的主要问题及解决策略、高校德育引导在学生管理工作中的创新的路径、新时代学校德育管理的创新机制研究等。 | |
| 606 | 0 | @a高等学校@x德育工作@x研究@y中国 |
| 606 | 0 | @a高等学校@x学生@x学校管理@x研究@y中国 |
| 690 | @aG641@v5 | |
| 690 | @aG645.5@v5 | |
| 701 | 0 | @a邢良@Axing liang@4著 |
| 801 | 0 | @aCN@bAHXH@c20221111 |
| 905 | @b1369463-6@dG641@e2349@f4 | |
| 高校德育引导与学生管理创新研究/邢良著.-北京:北京工业大学出版社,2022.06 |
| 194页;24cm |
| ISBN 978-7-5639-7921-9:CNY78.00 |
| 本书以“高校德育引导与学生管理创新研究”为选题,内容涉及高校德育引导与学生管理创新的概念界定、关系分析、理论基础、主要实践,高校德育引导在学生管理工作中的创新的必要,高校德育引导与学生管理创新存在的主要问题及解决策略、高校德育引导在学生管理工作中的创新的路径、新时代学校德育管理的创新机制研究等。 |
| ● |
| 相关链接 |
|
|
|
|
正题名:高校德育引导与学生管理创新研究
索取号:G641/2349
 
预约/预借
| 序号 | 登录号 | 条形码 | 馆藏地/架位号 | 状态 | 备注 |
| 1 | 1369463 | 213694634 | 第一样本阅览室/ [索取号:G641/2349] | 在馆 | |
| 2 | 1369464 | 213694643 | 教育系资料室/ [索取号:G641/2349] | 在馆 | |
| 3 | 1369465 | 213694652 | 教育系资料室/ [索取号:G641/2349] | 在馆 | |
| 4 | 1369466 | 213694661 | 第四借阅区/ [索取号:G641/2349] | 在馆 |